Mastering Autodesk 3ds Max Design 2011 : (Record no. 5046)
[ view plain ]
| 000 -LEADER | |
|---|---|
| fixed length control field | 00704nam a2200205 ar4500 |
| 001 - CONTROL NUMBER | |
| control field | 5048 |
| 005 - DATE AND TIME OF LATEST TRANSACTION | |
| control field | 20221127091059.0 |
| 008 - FIXED-LENGTH DATA ELEMENTS--GENERAL INFORMATION | |
| fixed length control field | 190919s xxu a 00110|eng d |
| 020 ## - INTERNATIONAL STANDARD BOOK NUMBER | |
| International Standard Book Number | 9780470882627(pbk) : |
| Terms of availability | SR140.00 |
| 082 04 - DEWEY DECIMAL CLASSIFICATION NUMBER | |
| Classification number | 720.284 |
| Item number | G315 2010 |
| 100 1# - MAIN ENTRY--PERSONAL NAME | |
| Personal name | Gerhard, Mark. |
| 245 10 - TITLE STATEMENT | |
| Title | Mastering Autodesk 3ds Max Design 2011 : |
| Remainder of title | Autodesk official training guide / |
| Statement of responsibility, etc. | Mark Gerhard, Jeffrey Harper. |
| 260 ## - PUBLICATION, DISTRIBUTION, ETC. | |
| Place of publication, distribution, etc. | Indianapolis, IN : |
| Name of publisher, distributor, etc. | John Wiley, |
| Date of publication, distribution, etc. | 2010. |
| 300 ## - PHYSICAL DESCRIPTION | |
| Extent | xxxii, 936 pages : |
| Other physical details | illustrations ; |
| Dimensions | 24 cm. |
| 500 ## - GENERAL NOTE | |
| General note | Includes index. |
| 650 #4 - SUBJECT ADDED ENTRY--TOPICAL TERM | |
| Topical term or geographic name entry element | Autodesk Revit. |
| 650 #4 - SUBJECT ADDED ENTRY--TOPICAL TERM | |
| Topical term or geographic name entry element | Architectural drawing |
| General subdivision | Data processing. |
| 650 #4 - SUBJECT ADDED ENTRY--TOPICAL TERM | |
| Topical term or geographic name entry element | Computer graphics. |
| 700 0# - ADDED ENTRY--PERSONAL NAME | |
| Personal name | Harper, Jeffrey M., |
| Relator term | author. |
| Withdrawn status | Lost status | Source of classification or shelving scheme | Damaged status | Not for loan | Home library | Current library | Date acquired | Total Checkouts | Full call number | Barcode | Date last seen | Copy number | Price effective from | Koha item type |
|---|---|---|---|---|---|---|---|---|---|---|---|---|---|---|
| CENTRAL | CENTRAL | 11/27/2022 | 720.284 G315 2010 | 1000000014996 | 11/27/2022 | C1 | 11/27/2022 | Book |
